Statistics for Video Games by Letter - “E”

Click here to take the quiz!

General Stats

  • This quiz has been taken 70 times
  • The average score is 8 of 14

Answer Stats

HintAnswer% Correct
Process in Pokémon in which a Pokémon drastically changes formEvolution
93%
Typing of PikachuElectric
88%
Sonic's nemesis; originally called "Doctor Robotnik"Doctor {Eggman}
84%
Final boss of MinecraftEnderdragon
81%
If you want the hint, this company would make you pay $10.99EA
77%
Big video game event where many game companies show off upcoming releasesE3
72%
Developers of “Fortnite” *shivers*Epic Games
72%
Game most recognize as the cause of the video game crashE.T.
61%
Quirky RPG series titled "Mother" in JapanEarthbound
58%
Fire-type Johto legendary; part of a trio with Suicune and RaikouEntei
53%
Old professor that helps Luigi rescue Mario from King BooE. Gadd
35%
One of the original robot masters that tried to kill Mega Man by shocking himElec Man
28%
Kirby: Planet Robobot copy ability that references NessESP
18%
One of the domes in Super Mario Galaxy; last one accessed before the final Bowser fightEngine Room
12%

Score Distribution

Percentile by Number Answered

Percent of People with Each Score

Your Score History

You have not taken this quiz